Länder mit der höchsten Inflation - Statistiken

Allgemein
  • Dieses Quiz wurde 13 mal gespielt
  • Das Durchschnittsergebnis liegt bei 7 aus 20
Antwortstatistiken
Bewertung Land % Korrekt
23,8% Ghana
73%
38,2% Iran
64%
151% Sudan
55%
27,5% Ägypten
45%
118% Argentinien
45%
21,1% Äthiopien
45%
34,7% Nigeria
45%
217% Südsudan
45%
16,8% Sambia
36%
687% Simbabwe
36%
44,4% Türkei
36%
27,5% Angola
27%
36,4% Burundi
27%
27,9% Haiti
27%
16,9% Laos
27%
18,1% Libanon
27%
47,2% Venezuela
27%
28,1% Malawi
18%
28,0% Myanmar
18%
16,6% Nauru
0%
Keine übereinstimmenden Quizze gefunden
Verteilung der Resultate
Anzahl Personen mit jedem Resultat
Perzentil nach korrekt beantworteten Fragen
Ihre Resultats-Entwicklung
Sie haben dieses Quiz noch nicht gespielt